|
LDR
| 01317cam a22003977a 4500 |
|---|
| 001 | 13092 |
|---|
| 003 | CZ-PrJAB |
|---|
| 005 | 20190904094432.0 |
|---|
| 007 | ta |
|---|
| 008 | 140610s2003 gw a g 000 j ger |
|---|
| 020 | | . |
‡a978-3-468-49707-0
‡q(brož.) |
|---|
| 035 | | . |
‡a(CZ PrSKC)vkol001090102 |
|---|
| 040 | | . |
‡aLIA001
‡bcze
‡dOLA001 |
|---|
| 072 | | 7. |
‡a811.112.2
‡xNěmčina
‡2Konspekt
‡911 |
|---|
| 080 | | . |
‡a811.112.2
‡2MRF |
|---|
| 080 | | . |
‡a821-322.4
‡2MRF |
|---|
| 080 | | . |
‡a028.4-028.31/.32
‡2MRF |
|---|
| 080 | | . |
‡a(0:82-32)
‡2MRF |
|---|
| 080 | | . |
‡a(07.064)81
‡2MRF |
|---|
| 100 | 0 | . |
‡aFelix,
‡d1959-
‡7xx0112926
‡4aut |
|---|
| 245 | 1 | 0. |
‡aTatort Frankfurt /
‡cFelix & Theo |
|---|
| 260 | | . |
‡aBerlin :
‡bLangenscheidt,
‡cc2003 |
|---|
| 300 | | . |
‡a45 s. :
‡bil. ;
‡c18 cm |
|---|
| 490 | 1 | . |
‡aLeichte Lektüren. Deutsch als Fremdsprache. Stufe 2 |
|---|
| 650 | 0 | 7. |
‡aněmčina
‡7ph115512
‡2czenas |
|---|
| 650 | 0 | 7. |
‡azjednodušená četba
‡7ph656682
‡2czenas |
|---|
| 653 | 0 | . |
‡ajazyková úroveň B1 |
|---|
| 655 | | 7. |
‡apříběhy
‡7fd133204
‡2czenas |
|---|
| 655 | | 7. |
‡ajazykové učebnice, texty, příručky (B)
‡7fd600891
‡2czenas |
|---|
| 700 | 0 | . |
‡aTheo
‡7ola2006340339
‡4aut |
|---|
| 830 | | 0. |
‡aLeichte Lektüren.
‡pDeutsch als Fremdsprache |
|---|
| 910 | | . |
‡aABG312 |
|---|
| 995 | | . |
‡aska |
|---|
| 901 | | . |
‡a13092
‡bCZ PrSKC
‡c13092
‡tbiblio |
|---|